00442nam a22001457a 450000500170000000800410001702000150005804100120007308200120008510000120009724500850010926000460019430000310024065000250027120240925085347.0240925b |||||||| |||| 00| 0 eng d a0409006106 aEnglish a348 SOU lEnglish aThe South African Encyclopaedia of Forms and Precedents / cedited by C Weinberg aDurban: bButterworth Publishers, c1992  bviii, 517 pages; c26 cm.  aLegal practice bLaw